| 000 | 00719cam a2200241 i 4500 | ||
|---|---|---|---|
| 001 | 0000440 | ||
| 003 | DO-SdBNP | ||
| 005 | 20180205132348.0 | ||
| 007 | 0000440 | ||
| 008 | 100514s1979 xxu c | |||| 000 f spa | ||
| 015 | _a | ||
| 017 |
_a _b |
||
| 035 | _a | ||
| 040 |
_aBPMSU _bspa _cBPMSU _e |
||
| 080 | _a | ||
| 100 | 1 | _aCollins, Sergio V. | |
| 245 | 1 | 3 |
_aLa salud emocional de la familia _h cómo controlar las emociones antes de que pongan en peligro la armonía, la paz y la felicidad / _cSergio V. Collins |
| 260 |
_aMéxico : _bPublicaciones Interamericanas, _c1979. |
||
| 300 |
_a128 p.: _bretrs. _c20 cm |
||
| 942 |
_2ddc _cBK |
||
| 945 | _aInventariado, 2018/ YL | ||
| 956 |
_aYLOCKWARD _cBPMSU _b10 |
||
| 999 |
_c10558 _d10558 |
||